000 00534nam a2200229Ia 4500
003 OSt
005 20220912144326.0
006 a|||||r|||| 00| 0
007 ta
008 220909b |||||||| |||| 00| 0 eng d
020 _aSL01034441
024 _a193468
037 _cTextual
040 _aCSL
_beng
_cCSL
041 _aeng
082 _aE5, N3.1.;1
100 _aMukherji SM
245 0 _aOrganic chemistry
700 _aMukherji SM
942 _hE5, N3.1.;1
_cTEXL
_2CC
999 _c4962
_d4962